000 00491 a2200169 4500
001 131903
003 OSt
005 20211005160734.0
008
082 _a337
_bD89G
100 1 _aDumas, Charles
245 1 _aGlobalisation fractures
_cby Charles Dumas
260 _aLondon
_bProfile Books
_c2011
300 _a277p.
690 _aRecessions; Commercial policy; Deficit financing; Financial crises; Globalization--Economic aspects
942 _2ddc
_cBK
999 _c6299
_d6299